| 000 | 00634nab a2200181 4500 | ||
|---|---|---|---|
| 001 | 244442 | ||
| 003 | OSt | ||
| 005 | 20230815095756.0 | ||
| 007 | tu | ||
| 008 | 200917s2020||||||| | ||
| 040 |
_aDE-2950 _cDE-2950 |
||
| 245 | 0 | 0 |
_aWeiter Weg zum Paketschalter _bHEP und Südring Center. Zwei Filialen der Post verärgern derzeit die Kunden. Dabei geht es um drastisch verkürzte Öffnungszeiten und eine bevorstehende Schließung/ _cSelim Pekel |
| 264 | _c2023 | ||
| 653 | _aFrankfurt (Oder) | ||
| 653 | _aPostfilialen | ||
| 773 | 0 |
_g34. Jahrgang (2023) Nr. 189 vom 15.08.2023, S. 13, mit Foto _tMärkische Oderzeitung |
|
| 942 |
_2z _cA |
||
| 999 |
_c372683 _d372683 |
||